Κατάλογος Βιβλιοθηκών Mediterranean College

Αποτελεσματικές Διδακτικές Στρατηγικές για μία Επιτυχημένη Ένταξη / Για Παιδιά με Σύνδρομο Down και Όχι Μόνο...: Ένας Oδηγός για Eκπαιδευτικούς, Eιδικούς και Gονείς (Record no. 4545)

MARC details
000 -LEADER
fixed length control field 01662cam a22002174a 4500
005 - ΗΜΕΡΟΜΗΝΙΑ ΚΑΙ ΩΡΑ ΤΕΛΕΥΤΑΙΑΣ ΕΝΗΜΕΡΩΣΗΣ
Πεδίο ελέγχου 20250605164148.0
008 - FIXED-LENGTH DATA ELEMENTS--GENERAL INFORMATION
Πεδίο ελέγχου σταθερού μήκους 250528s ||||||||||||||||||||||||d
035 ## - SYSTEM CONTROL NUMBER
System control number 19281
020 ## - ISBN
ISBN 9603942693
040 ## - ΠΗΓΗ ΚΑΤΑΛΟΓΟΓΡΑΦΗΣΗΣ
Φορέας πρωτότυπης καταλογογράφησης MC Athens Campus Library
Γλώσσα καταλογογράφησης Ελληνικά, Μοντέρνα (1453-)
Modifying agency MC Athens Campus Library
Κανόνες περιγραφικής καταλογογράφησης AACR2
245 1# - ΤΙΤΛΟΣ ΚΑΙ ΔΗΛΩΣΗ ΥΠΕΥΘΥΝΟΤΗΤΑΣ
Τίτλος Αποτελεσματικές Διδακτικές Στρατηγικές για μία Επιτυχημένη Ένταξη / Για Παιδιά με Σύνδρομο Down και Όχι Μόνο...: Ένας Oδηγός για Eκπαιδευτικούς, Eιδικούς και Gονείς
250 ## - EDITION STATEMENT
Edition statement
260 ## - PUBLICATION, DISTRIBUTION, ETC.
Name of publisher, distributor, etc. Εκδόσεις Παρισιάνου,
Date of publication, distribution, etc. 2004
300 ## - PHYSICAL DESCRIPTION
Extent 116
520 ## - SUMMARY, ETC.
Summary, etc. Πόση Διαφορά μπορεί να Δημιουργήσει το να Δίνεις μια Ευκαιρία, Αναγνώρισε την Ετικέτα και Δίδαξε τον Μαθητή, Τι Γνωρίζουμε; Ιατρικά Δεδομένα για το Σύνδρομο Down, Διαπροσωπικές Σχέσεις: Αντίληψη και Συμπεριφορά και Φιλίες, Ανάπτυξη Δεξιότητας Επικοινωνίας, Προσαρμογή του Σχολικού Προγράμματος, Αξιολόγηση των Μαθητών με Σύνδρομο Down, Μαθηματικά και Ανάγνωση - Δεξιότητες Ζωής για Ανεξαρτησία, Το Θεμέλιο της Κίνησης, Νομική Υποστήριξη, Πληροφορική, Bibliography and Resources.
700 1# - ΠΡΟΣΘΕΤΗ ΑΝΑΓΡΑΦΗ--ΦΥΣΙΚΟ ΠΡΟΣΩΠΟ
Personal name Tien Barbara
9 (RLIN) 5516
700 1# - ΠΡΟΣΘΕΤΗ ΑΝΑΓΡΑΦΗ--ΦΥΣΙΚΟ ΠΡΟΣΩΠΟ
Personal name Γράψια Ειρήνη Π
9 (RLIN) 5517
942 ## - ADDED ENTRY ELEMENTS (KOHA)
Koha item type Books
Holdings
Τύπος τεκμηρίου Βιβλιοθήκη Τρέχουσα τοποθεσία Barcode Αριθμός εισαγωγής Ημερομηνία απόκτησης Ταξιθετικό σύμβολο Αριθμός αντιτύπου Κατάσταση απόσυρσης Κατάσταση χαμένου Κατάσταση κατεστραμμένου Μη δανεισμός Σύνολο δανεισμών Ημερομηνία τελευταίας εμφάνισης Η τιμή ισχύει από
Books MC Athens Campus Library MC Athens Campus Library 9780000045447 5285 05/06/2025 616.858 842 GRA 1           05/06/2025 05/06/2025

MC Athens Campus Library
Πατησίων 94 & Κοδριγκτώνος 13, 104 34
Πελλήνης 8 & Πατησίων 107, 112 51
Τ: +30 210 8899600

MC Thessaloniki Campus Library
Ίωνος Δραγούμη 21, 54625 | Ίωνος Δραγούμη 15, 54625
Τ: +30 2310 287779 – Τ: +30 2314 440300